[Event "Gran Canaria op"]
[Site "Las Palmas"]
[Date "1997.??.??"]
[Round "?"]
[White "Barlov, Dragan"]
[Black "Gonzalez, G."]
[Result "1-0"]
[WhiteElo "2470"]
[BlackElo "2240"]

1.d4 e6 2.c4 d5 3.Nc3 c6 4.e3 Nf6 5.Nf3 Nbd7 6.Qc2 Bd6 7.Be2 O-O 8.O-O dxc4
9.Bxc4 Qe7 10.h3 e5 11.Bb3 h6 12.Nh4 Re8 13.Nf5 Qf8 14.Nxd6 Qxd6 15.dxe5 Qxe5
16.f3 Nc5 17.e4 Nxb3 18.axb3 Qc5+ 19.Qf2 Qxf2+ 20.Kxf2 Be6 21.b4 Red8 22.Be3 b6
23.Ra3 Rd7 24.Rfa1 Rb7 25.f4 Nd7 26.b5 Nb8 27.bxc6 Nxc6 28.Rd1 Na5 29.f5 Bb3
30.Rd4 Rc7 31.Bf4 Rc6 32.Rd7 f6 33.e5 fxe5 34.Bxe5 Bf7 35.Bd4 Nc4 36.Raxa7 Rxa7
37.Rxa7 Nxb2 38.Ra8+ Kh7 39.Ra7 Kg8 40.Kf3 Nc4 41.g4 Rd6 42.Ne2 Nd2+ 43.Ke3 Nb3
44.Rb7 Nxd4 45.Nxd4 Bc4 46.h4 b5 47.g5 hxg5 48.hxg5 Kf8 49.Rb8+ Kf7 50.Nf3 Ra6
51.Ne5+ Ke7 52.Rb7+ Kf8 53.Ng6+ Ke8 54.Rxg7 Ra1 55.Ne5 Re1+ 56.Kd4 Rd1+ 57.Kc3 Re1
58.Nxc4 Rc1+ 59.Kd4 Rxc4+ 60.Kd5  1-0

[Event "US-op"]
[Site "Las Vegas"]
[Date "1997.??.??"]
[Round "3"]
[White "Pruner, Earl"]
[Black "Thorhallsson, Throstur"]
[Result "0-1"]
[WhiteElo "2310"]
[BlackElo "2570"]

1.c4 e6 2.Nc3 d5 3.d4 c6 4.Nf3 Nf6 5.e3 Nbd7 6.Bd3 dxc4 7.Bxc4 b5 8.Bd3 a6
9.e4 c5 10.d5 c4 11.Bc2 Qc7 12.O-O Bc5 13.Qe2 Bb7 14.dxe6 fxe6 15.Be3 O-O
16.Bxc5 Nxc5 17.Nd2 Rad8 18.f3 Nh5 19.Nd1 Qe5 20.Qe3 Nd3 21.Rb1 Nhf4  0-1

[Event "VfB op 4th"]
[Site "Leipzig"]
[Date "1997.??.??"]
[Round "4"]
[White "Dobosz, Henryk"]
[Black "Helbig, Jan"]
[Result "1-0"]
[WhiteElo "2385"]
[BlackElo "2145"]

1.d4 d5 2.c4 c6 3.Nc3 Nf6 4.e3 e6 5.Nf3 Nbd7 6.b3 Bd6 7.Bb2 O-O 8.Qc2 a6
9.Bd3 e5 10.cxd5 cxd5 11.dxe5 Nxe5 12.Nxe5 Bxe5 13.Ne2 Qe7 14.Bxe5 Qxe5 15.Qc3 Qg5
16.O-O Bg4 17.Nf4 d4 18.Qxd4 Rfd8 19.Qb2 Bf3 20.Be2 Bc6 21.Rfd1 Nd5 22.Nxd5 Rxd5
23.Rxd5 Bxd5 24.Bf1 Bc6 25.Rd1 Re8 26.Rd4 g6 27.Qd2 Kg7 28.Rd6 Qe5 29.Qd4 Qxd4
30.Rxd4 Re5 31.Bc4 b5 32.Bf1 Rc5 33.Rd2 Rc1 34.f3 a5 35.Kf2 a4 36.Be2 axb3
37.axb3 Rb1 38.Bd1 Kf6 39.Rd6+ Ke7 40.Rxc6 Rxd1 41.Rc5 Rd2+ 42.Kg3 Rd3 43.Rxb5 Rxe3
44.Kf4 Rc3 45.g4 f6 46.h4 h6 47.Rb7+ Ke6 48.Rb6+ Ke7 49.Rb5 Ke6 50.h5 gxh5
51.gxh5 f5 52.Rb6+ Kf7 53.b4 Rb3 54.b5 Kg7 55.Rg6+ Kf7 56.b6 Kf8 57.Rxh6 Kg7
58.Rc6  1-0

[Event "Anibal op 4th"]
[Site "Linares"]
[Date "1997.??.??"]
[Round "3"]
[White "Vakhidov, Tahir"]
[Black "Giorgadze, Giorgi"]
[Result "1/2-1/2"]
[WhiteElo "2470"]
[BlackElo "2595"]

1.d4 d5 2.Nf3 Nf6 3.c4 c6 4.Nc3 e6 5.e3 Nbd7 6.Bd3 dxc4 7.Bxc4 b5 8.Be2 b4
9.Na4 Qa5 10.O-O Ba6 11.Bxa6 Qxa6 12.a3 Qb5 13.b3 Qa5 14.Qc2 Rb8 15.axb4  1/2-1/2

[Event "Anibal op 4th"]
[Site "Linares"]
[Date "1997.??.??"]
[Round "6"]
[White "Arencibia, Walter"]
[Black "Fridman, Daniel"]
[Result "1/2-1/2"]
[WhiteElo "2560"]
[BlackElo "2490"]

1.d4 d5 2.c4 c6 3.Nc3 Nf6 4.Nf3 e6 5.e3 Nbd7 6.Qc2 Bd6 7.b3 O-O 8.Be2 e5
9.cxd5 cxd5 10.Nb5 Bb4+ 11.Bd2 Bxd2+ 12.Nxd2 a6 13.dxe5 Nxe5 14.Nd4 Bg4 15.Bxg4 Nexg4
16.O-O Rc8 17.Qb2 Ne4 18.N2f3 Qf6 19.h3 Ne5 20.Nxe5 Qxe5 21.Rac1 g6 22.Rc2 Rxc2
23.Qxc2 Nd6 24.Nf3 Qe6 25.Nd4 Rc8 26.Qd2 Ne4 27.Qb4 Qd7 28.Qb6 Qc7 29.Qxc7 Rxc7
30.f3 Ng5 31.Rf2 Rc1+ 32.Kh2 Rc3 33.Re2 Ne6 34.Nxe6 fxe6 35.e4 dxe4 36.Rxe4 Kf7
37.Rd4 Ke7  1/2-1/2

[Event "Masters"]
[Site "Lisbon"]
[Date "1997.??.??"]
[Round "8"]
[White "Frois, Antonio"]
[Black "Cordovil, Joao"]
[Result "1-0"]
[WhiteElo "2350"]
[BlackElo "2265"]

1.d4 Nf6 2.Nf3 d5 3.c4 c6 4.Nc3 e6 5.e3 Bd6 6.Bd3 Nbd7 7.O-O b6 8.e4 dxe4
9.Nxe4 Nxe4 10.Bxe4 Bb7 11.Qe2 h6 12.Rd1 O-O 13.b3 Qc7 14.Bb2 Rae8 15.Ne5 f5
16.Bf3 Nxe5 17.dxe5 Be7 18.c5 Bxc5 19.Qc4 Qe7 20.a4 a5 21.Rd3 Rd8 22.Rad1 Rxd3
23.Rxd3 Kf7 24.g4 Kg8 25.gxf5 Rxf5 26.Bg4 b5 27.Qe4 Bxf2+ 28.Kf1 Rf8 29.Rf3 Bc5
30.Bd4 Rxf3+ 31.Bxf3 Bxd4 32.Qxd4 c5 33.Qd6 Qf7 34.Qb8+  1-0

[Event "Lilie op"]
[Site "Litomysl"]
[Date "1997.??.??"]
[Round "2"]
[White "Meduna, Eduard"]
[Black "Salac, Jiri"]
[Result "1-0"]
[WhiteElo "2455"]
[BlackElo "2210"]

1.d4 d5 2.c4 c6 3.Nf3 Nf6 4.Nc3 e6 5.e3 Nbd7 6.Qc2 Bd6 7.b3 a6 8.a4 Qe7 9.Be2 e5
10.cxd5 cxd5 11.dxe5 Nxe5 12.Nd4 Bb4 13.O-O O-O 14.Bb2 Bd7 15.Rac1 Rac8 16.Rfd1 Neg4
17.Bf3 Qe5 18.g3 Rfe8 19.Qe2 h5 20.Bg2 Bc5 21.h3 Nh6 22.Qf3 Ne4 23.Qf4 Qxf4
24.gxf4 Bxd4 25.Rxd4 Nf5 26.Rxd5 Nxc3 27.Rxc3 Rxc3 28.Bxc3 Be6 29.Rc5 Rd8
30.Bxb7 Rb8 31.Bxa6 Rxb3 32.Bd3 Nh4 33.Kh2 Bd7 34.a5 Ra3 35.Kg3 Ng6 36.a6 h4+
37.Kg2 Ne7 38.e4 f5 39.f3 Ra2+ 40.Kg1 fxe4 41.Bc4+  1-0

[Event "Lilie op"]
[Site "Litomysl"]
[Date "1997.??.??"]
[Round "4"]
[White "Ulak, Slawomir"]
[Black "Vaculik, Martin"]
[Result "1/2-1/2"]
[WhiteElo "2410"]
[BlackElo "2055"]

1.d4 Nf6 2.c4 e6 3.Nf3 d5 4.Nc3 c6 5.e3 Nbd7 6.Qc2 Bd6 7.b3 O-O 8.Be2 Re8
9.O-O Nf8 10.Bb2 Ng6 11.Bd3 b6 12.Ne2 Bb7 13.Ne5 c5 14.Ng3 cxd4 15.Nxg6 hxg6
16.Bxd4  1/2-1/2

[Event "Lilie op"]
[Site "Litomysl"]
[Date "1997.??.??"]
[Round "5"]
[White "Capek, Ivan"]
[Black "Turner, Jan"]
[Result "0-1"]
[WhiteElo "2105"]
[BlackElo "2305"]

1.Nf3 d5 2.d4 c6 3.c4 Nf6 4.Nc3 e6 5.e3 Be7 6.Qc2 O-O 7.Bd3 Nbd7 8.O-O dxc4
9.Bxc4 b5 10.Bd3 a6 11.Ne4 Bb7 12.Nc5 Nxc5 13.dxc5 Bxc5 14.Bxh7+ Nxh7 15.Qxc5 Nf6
16.b4 Qd5 17.Qd4 Qxd4 18.Nxd4 a5 19.Ba3 Nd5 20.bxa5 b4 21.e4 bxa3 22.exd5 c5
23.Nb3 c4 24.Nd4 Bxd5 25.Rfc1 Rxa5 26.Rc3 Rb8 27.f3 Kf8 28.Nc2 g6 29.Rc1 Rba8
30.Re1 Ra4 31.Ree3 Ke7 32.Kf2 Kd6 33.Ke1 Kc5 34.Kd2 f5 35.Rxa3 f4 36.Rec3 Bc6
37.Rxa4 Rd8+ 38.Kc1 Bxa4 39.a3 Bb3 40.g3 g5 41.gxf4 gxf4 42.h4 Rh8 43.a4 Rxh4
44.a5 Rh8 45.a6 Ra8 46.Na1 Ba4 47.Kd2 Rxa6 48.Ra3 Rd6+ 49.Ke1 Kb4 50.Ra2 c3
51.Ke2 e5 52.Ke1 Rd3 53.Ke2 Re3+ 54.Kf2 Bd1  0-1

[Event "SLO-chT"]
[Site "Ljubljana"]
[Date "1997.??.??"]
[Round "?"]
[White "Mikhalchishin, Adrian"]
[Black "Sveshnikov, Evgeny"]
[Result "1/2-1/2"]
[WhiteElo "2515"]
[BlackElo "2570"]

1.d4 d5 2.c4 e6 3.Nc3 c6 4.e3 Nf6 5.Nf3 Nbd7 6.Qc2 Bd6 7.Be2 O-O 8.O-O Re8
9.Rd1 Qe7 10.h3 h6 11.a3 dxc4 12.Bxc4 e5 13.Nh4 Nf8 14.dxe5 Bxe5 15.Nf3 Bxc3
16.Qxc3 Ne4 17.Qc2 Bf5 18.Nd4 Bg6 19.f3 c5 20.Nb5 a6 21.Nc3 Nd6 22.Nd5 Bxc2
23.Nxe7+ Rxe7 24.Rxd6 Rd7 25.Rxd7 Nxd7 26.e4 Nf6 27.e5 b5 28.exf6 bxc4 29.fxg7 Kxg7
30.Be3 Rc8 31.Re1  1/2-1/2

[Event "SLO-chT"]
[Site "Ljubljana"]
[Date "1997.??.??"]
[Round "?"]
[White "Sitnik, Igor"]
[Black "Slibar, Matjaz"]
[Result "1-0"]
[WhiteElo "2250"]
[BlackElo "2235"]

1.d4 d5 2.c4 e6 3.Nc3 c6 4.Nf3 Nf6 5.e3 Nbd7 6.Qc2 Be7 7.Bd3 dxc4 8.Bxc4 O-O
9.O-O b6 10.e4 Bb7 11.Rd1 Rc8 12.Ng5 h6 13.Nxf7 Kxf7 14.Bxe6+ Kxe6 15.Qb3+ Nd5
16.exd5+ cxd5 17.Nxd5 Bxd5 18.Re1+ Kf7 19.Qxd5+ Ke8 20.Bd2 Rf7 21.Bb4 Nf6
22.Qb3 Rc7 23.Re5 Kf8 24.d5 Bc5 25.Rd1 Nd7 26.Re6 Qh4 27.Be1 Bxf2+ 28.Kh1 Qc4
29.Bb4+ Kg8 30.Re8+ Kh7 31.d6 Qxb3 32.axb3 Rb7 33.Re7 Nf6 34.d7 Rxd7 35.Rdxd7 Nxd7
36.Rxf7  1-0

[Event "SLO-chT"]
[Site "Ljubljana"]
[Date "1997.??.??"]
[Round "?"]
[White "Farago, Ivan"]
[Black "Polajzer, Danilo"]
[Result "1/2-1/2"]
[WhiteElo "2445"]
[BlackElo "2440"]

1.d4 d5 2.c4 c6 3.Nf3 Nf6 4.Nc3 e6 5.e3 Nbd7 6.Qc2 Bd6 7.Bd3 O-O 8.O-O dxc4
9.Bxc4 Qe7 10.h3 e5 11.Bd2 Bc7 12.Bb3 h6 13.Nh4 Re8 14.Nb5 Bb8 15.Ng6 Qd8
16.Nc3 exd4 17.exd4 Nf8 18.Rfe1 Nxg6 19.Qxg6 Be6 20.Rxe6 fxe6 21.Bxh6 Qd7
22.Re1 Qf7 23.Qxf7+ Kxf7 24.Bg5 Bc7 25.Ne4 Nd5 26.Nc5 b6 27.Nd7 Bd6 28.Ne5+ Bxe5
29.Rxe5 Rac8 30.h4 Nf6 31.f3 c5 32.dxc5 Rxc5 33.Re2 Nd5 34.Kf2 b5 35.a3 Rec8
36.Rd2 a5 37.Bd1 Nf6 38.Re2 Nd5 39.Re4 Rc4 40.Re5 Rd4 41.Ke1 a4 42.g3 b4
43.axb4 Rxb4 44.Re2 Rd4 45.Bc2 Nb4 46.Be4 Nd3+ 47.Bxd3 Rxd3 48.Kf2 Rd4 49.Bf4 Rdc4
50.Be5 Rc2 51.g4 g6 52.Rxc2 Rxc2+ 53.Kg3 Rc4 54.Kh3 Rc5 55.f4 Rd5 56.Kg3 Rd3+
57.Kg2 Ke8 58.Kh2 Rd7 59.Kh3 Rh7 60.Kg3 Kd7 61.Kh3  1/2-1/2

[Event "SLO-chT"]
[Site "Ljubljana"]
[Date "1997.??.??"]
[Round "?"]
[White "Cvitan, Ognjen"]
[Black "Sveshnikov, Evgeny"]
[Result "1/2-1/2"]
[WhiteElo "2570"]
[BlackElo "2570"]

1.d4 d5 2.c4 e6 3.Nf3 Nf6 4.Nc3 c6 5.e3 Nbd7 6.Bd3 dxc4 7.Bxc4 b5 8.Bd3 b4
9.Ne4 Nxe4 10.Bxe4 Bb7 11.O-O Be7 12.a3 bxa3 13.bxa3 Nf6 14.Bd3  1/2-1/2

[Event "Ljubljana"]
[Site "Ljubljana"]
[Date "1997.??.??"]
[Round "1"]
[White "Farago, Ivan"]
[Black "Soln, Primoz"]
[Result "1/2-1/2"]
[WhiteElo "2440"]
[BlackElo "2320"]

1.d4 d5 2.c4 c6 3.Nc3 e6 4.e3 Nf6 5.Nf3 Nbd7 6.Qc2 Bd6 7.Bd3 O-O 8.O-O dxc4
9.Bxc4 b5 10.Bd3 Bb7 11.e4 e5 12.dxe5 Nxe5 13.Nxe5 Bxe5 14.h3 a6 15.Be3 Re8
16.Rad1 Qe7 17.Ne2 Bd6 18.Nd4 g6 19.Nb3 c5 20.Bxc5 Rac8 21.Bxd6 Qxd6 22.Qe2 Qb6
23.Nd2 Qe6 24.a3 Nxe4 25.Nxe4 Bxe4 26.Bxe4 Qxe4 27.Qxe4 Rxe4 28.Rd6 Rc2 29.b4  1/2-1/2

[Event "Ljubljana op"]
[Site "Ljubljana"]
[Date "1997.??.??"]
[Round "4"]
[White "Sebenik, Matej"]
[Black "Sveshnikov, Evgeny"]
[Result "0-1"]
[WhiteElo "2115"]
[BlackElo "2560"]

1.d4 d5 2.Nf3 Nf6 3.c4 e6 4.Nc3 c6 5.e3 Nbd7 6.Qc2 Bd6 7.b3 O-O 8.Be2 Re8
9.O-O dxc4 10.bxc4 e5 11.Bb2 exd4 12.exd4 Nf8 13.Rad1 Qc7 14.c5 Be7 15.Bc4 Be6
16.Bxe6 Nxe6 17.Rfe1 Bf8 18.Ba3 Rad8 19.Qa4 Qb8 20.Qc4 Nd5 21.Ne4 Nec7 22.Bb2 Re6
23.Neg5 Rxe1+ 24.Rxe1 h6 25.Ne4 Re8 26.Ne5 Re6 27.Ng3 Qe8 28.Bc3 Nxc3 29.Qxc3 Nb5
30.Qc4 Qd8 31.Ne2 Qa5 32.Kf1 Qd2 33.Nf3 Qb2 34.Qb3 Qa3 35.Qxa3 Nxa3 36.Nf4 Rxe1+
37.Kxe1 g5 38.Nd3 g4 39.Nfe5 h5 40.Kd2 Nb5 41.Ke3 Bh6+ 42.Ke4 Nc3+ 43.Kf5 Nxa2
44.Nd7 Bg7 45.Nf6+ Bxf6 46.Kxf6 Nc3 47.Kg5 a5 48.Kxh5 a4 49.Kxg4 a3 50.Nb4 Ne2
51.Kf5 Nxd4+ 52.Ke5 Ne6 53.Kd6 Nf4 54.Na2 Nd3 55.f3 f5 56.g3 Kf7 57.h4 Kf6
58.f4 Kg6 59.Kc7 Nxc5 60.Kb6 Nd3 61.Kxb7 c5 62.Kb6 Nb4 63.Nc1 a2 64.Nxa2 Nxa2
65.Kxc5 Nc3 66.Kd4 Ne2+ 67.Ke3 Nxg3 68.Kf3 Nh5 69.Ke3 Kf6 70.Kf3 Ke6  0-1

[Event "Ljubljana"]
[Site "Ljubljana"]
[Date "1997.??.??"]
[Round "5"]
[White "Bukic, Enver"]
[Black "Atalik, Suat"]
[Result "0-1"]
[WhiteElo "2435"]
[BlackElo "2555"]

1.d4 Nf6 2.c4 e6 3.Nf3 d5 4.Nc3 c6 5.e3 Nbd7 6.Qc2 Bd6 7.Bd3 O-O 8.O-O dxc4
9.Bxc4 a6 10.Rd1 b5 11.Be2 c5 12.dxc5 Bxc5 13.Ne4 Qb6 14.Nxc5 Nxc5 15.b3 Bb7
16.Bb2 Be4 17.Qc1 Ncd7 18.Bd4 Qb7 19.Qb2 Rfc8 20.Rac1 Ne8 21.Rxc8 Rxc8 22.Rc1 Rxc1+
23.Qxc1 f6 24.Ne1 e5 25.Bb2 Qc7 26.Qxc7 Nxc7 27.Nd3 Nd5 28.Bg4 Bxd3 29.Bxd7 Kf7
30.a3 Bc2 31.b4 Ne7 32.f4 exf4 33.exf4 Bf5 34.Bxf5 Nxf5 35.Kf2 Nd6 36.Ke2 Ke6
37.Kd3 Kd5 38.g4 Nc4 39.Bc1 h6 40.h4 g6 41.h5 gxh5 42.gxh5 f5 43.Kc3 Ke4
44.a4 Ne3 45.axb5 axb5 46.Bd2 Nd5+ 47.Kc2 Nxf4 48.Bc1 Nxh5 49.Bxh6 f4 50.Kd2 Ng3
51.Ke1 Kf3 52.Bg5 Ne4 53.Bh6 Kg3 54.Kf1 Nd2+ 55.Kg1 Nf3+ 56.Kh1 Nd4 57.Bg7 Nc2  0-1

[Event "Ljubljana op"]
[Site "Ljubljana"]
[Date "1997.??.??"]
[Round "8"]
[White "Sebenik, Matej"]
[Black "Nikolov, Sasho"]
[Result "0-1"]
[WhiteElo "2115"]
[BlackElo "2370"]

1.d4 d5 2.Nf3 e6 3.c4 c6 4.e3 Nf6 5.Nc3 Nbd7 6.Qc2 Be7 7.Bd3 O-O 8.O-O Qc7
9.b3 b6 10.Bb2 Bb7 11.e4 dxe4 12.Nxe4 Nxe4 13.Bxe4 Nf6 14.Bd3 c5 15.Ng5 Ng4
16.f4 Bxg5 17.Qe2 Bxf4 18.Qxg4 Bxh2+ 19.Kh1 f5 20.Qe2 Rf6 21.d5 Rh6 22.Rf3 Be5+
23.Kg1 Bxb2 24.Qxb2 exd5 25.Rxf5 Qh2+ 26.Kf2 Rg6 27.Bf1 Re8 28.cxd5 Ba6  0-1

[Event "Ljubljana"]
[Site "Ljubljana"]
[Date "1997.??.??"]
[Round "11"]
[White "Jelen, Igor"]
[Black "Mencinger, Vojko"]
[Result "1/2-1/2"]
[WhiteElo "2405"]
[BlackElo "2395"]

1.d4 d5 2.c4 e6 3.Nc3 c6 4.e3 Nf6 5.Nf3 Nbd7 6.Bd3 dxc4 7.Bxc4 b5 8.Bd3 a6
9.e4 c5 10.d5 c4 11.dxe6 cxd3 12.exd7+ Qxd7 13.O-O Bb7 14.Bg5 Be7 15.e5 Nd5
16.Qxd3 Nxc3 17.Qxc3 O-O 18.Rad1 Qe6 19.Bxe7 Qxe7 20.Rfe1 Rac8 21.Qe3 Bxf3
22.Qxf3 Qe6 23.b3 Rfe8 24.h3 Rc6 25.Re3 Qc8 26.Qd5 h6 27.f4 Rc2 28.a4 bxa4
29.bxa4 Qc4 30.Re4 Qxd5 31.Rxd5 Rb8 32.f5 Kf8 33.Red4 Ke8 34.Rd6 Re2 35.R4d5 Ra8
36.Ra5 Ke7 37.Kf1 Rxe5 38.Rdd5 Rxd5 39.Rxd5 Rb8  1/2-1/2

[Event "London2"]
[Site "London"]
[Date "1997.??.??"]
[Round "2"]
[White "Aagaard, Jacob"]
[Black "Pert, Richard G"]
[Result "1-0"]
[WhiteElo "2440"]
[BlackElo "2215"]

1.d4 d5 2.c4 e6 3.Nc3 Nf6 4.Nf3 c6 5.e3 Nbd7 6.Qc2 Bd6 7.Be2 O-O 8.O-O Qe7
9.a3 dxc4 10.Bxc4 e5 11.h3 Bc7 12.Ba2 exd4 13.exd4 Qd6 14.Bg5 Nb6 15.Rac1 Nfd5
16.Rfe1 Nxc3 17.Be7 Qf4 18.Qxc3 Na4 19.Qc2 Bxh3 20.Re4 Bf5 21.Rxf4 Bxc2 22.Ne5 Bg6
23.Bxf8 Rxf8 24.Re1 Bxe5 25.dxe5 Nc5 26.Rd4 Nd3 27.Re3 Nc5 28.b4 Ne6 29.Rd7 Rb8
30.Re2 Bf5 31.Red2 Kf8 32.Bxe6 Bxe6 33.Rd8+ Rxd8 34.Rxd8+ Ke7 35.Rb8 b5 36.Rb7+ Kf8
37.Rxa7 g5 38.Rc7 Bd5 39.e6 Bxe6 40.Rxc6 Kg7 41.Rc5 Bd7 42.a4 bxa4 43.b5  1-0

[Event "Torneo Magistral 6th"]
[Site "Madrid"]
[Date "1997.??.??"]
[Round "7"]
[White "Topalov, Veselin"]
[Black "Illescas Cordoba, Miguel"]
[Result "1/2-1/2"]
[WhiteElo "2725"]
[BlackElo "2635"]

1.Nf3 d5 2.d4 Nf6 3.c4 c6 4.Nc3 e6 5.e3 Nbd7 6.Qc2 Bd6 7.Bd3 O-O 8.O-O dxc4
9.Bxc4 b5 10.Bd3 Bb7 11.e4 e5 12.dxe5 Nxe5 13.Nxe5 Bxe5 14.h3 b4 15.Ne2 c5
16.f3 c4 17.Qxc4 Qb6+ 18.Kh1 Rfd8 19.Qb5 Qxb5 20.Bxb5 a6 21.Ba4 a5 22.Bf4 Bxf4
23.Nxf4 g5 24.e5 gxf4 25.exf6 Ra6 26.Rfd1 Rxd1+ 27.Rxd1 Rxf6 28.a3 bxa3 29.bxa3 Rf5
30.Rd4 Kg7 31.Kh2 Bc8 32.Bc2 Rc5 33.Bd3 Be6 34.Ba6 Rf5 35.a4 h6 36.Bb5 Kf6
37.Rd8 Kg7 38.Ra8 Bb3 39.Kg1 Rc5 40.Rxa5 Bxa4 41.Rxa4 Rxb5 42.Rxf4 Rb2 43.Kh2 Ra2
44.Rf5 Kg6 45.Rb5 Kg7 46.h4 Ra4 47.Kh3 Ra2 48.g4 Ra1 49.g5 hxg5 50.Rxg5+ Kf6
51.Rg2 Kf5 52.Kg3 Ra8 53.Rb2 Rg8+ 54.Kf2 Rh8 55.Rb5+ Kf4 56.Rb4+ Kf5 57.Kg3 Rg8+
58.Rg4 Ra8 59.Rf4+ Kg6 60.Kg4 Ra5 61.Rb4 f6  1/2-1/2

[Event "Rheinhessen-ch M1"]
[Site "Mainz"]
[Date "1997.??.??"]
[Round "1"]
[White "Fassnacht, Peter"]
[Black "Leusing, Andre"]
[Result "1-0"]
[WhiteElo "2285"]
[BlackElo "2018"]

1.d4 d5 2.c4 c6 3.Nc3 Nf6 4.Nf3 e6 5.e3 Nbd7 6.Bd3 dxc4 7.Bxc4 b5 8.Bd3 Bd6
9.O-O a6 10.e4 e5 11.Bg5 O-O 12.Qd2 exd4 13.Nxd4 Ne5 14.Rad1 Nxd3 15.Nxc6 Qc7
16.Qxd3 Bxh2+ 17.Kh1 Qxc6 18.Kxh2 Bb7 19.f3 Qe6 20.Qd6 Rfc8 21.Bxf6 Qxf6
22.Qxf6 gxf6 23.Rd7 Bc6 24.Rd6 b4 25.Nd1 Bb5 26.Rf2 Bc4 27.b3 Be6 28.g4 Rd8
29.Rfd2 Rxd6 30.Rxd6 a5 31.Kg3 a4 32.Rb6 axb3 33.axb3 Bxb3 34.Ne3 Be6 35.Rxb4 Ra3
36.Ng2 Rb3 37.Ra4 Rc3 38.Nf4 Kg7 39.Ra6 Bc8 40.Nh5+ Kf8 41.Rb6 f5 42.gxf5 Ke7
43.Nf6 Bb7 44.Kf4 Bc6 45.Nxh7 Kd6 46.Ng5 Ke7  1-0

[Event "Rheinhessen-ch M1"]
[Site "Mainz"]
[Date "1997.??.??"]
[Round "2"]
[White "Lisanti, Andre"]
[Black "Garski, Rudolf"]
[Result "1-0"]
[WhiteElo "2330"]
[BlackElo "1870"]

1.d4 d5 2.Nf3 Nf6 3.c4 e6 4.Nc3 c6 5.e3 Nbd7 6.Bd3 Bd6 7.Qe2 O-O 8.O-O Re8
9.Qc2 h6 10.Rd1 Qe7 11.e4 dxc4 12.Bxc4 e5 13.d5 Nb6 14.Bb3 cxd5 15.Nxd5 Nbxd5
16.Bxd5 Nxd5 17.Rxd5 Be6 18.Rd1 Bg4 19.Qe2 Bc5 20.h3 Bxf3 21.Qxf3 Red8 22.Be3 Bxe3
23.Qxe3 Qb4 24.b3 Qa5 25.Qe2 Rac8 26.Kh2 Rc6 27.Rxd8+ Qxd8 28.Rd1 Rd6 29.Rc1 Rd2
30.Rc8 Qxc8 31.Qxd2 Qc7 32.f3 a6 33.Qd5 Kf8 34.h4 Qe7 35.g3 Qc7 36.Qd2 Ke8
37.Kg2 Qc5 38.Qe2 Qd4 39.Qc2 Qd7 40.Qc4 Qd2+ 41.Kh3 Qd7+ 42.g4 h5 43.Kg3 hxg4
44.fxg4 Kd8 45.h5 f6 46.Qg8+ Kc7 47.Qc4+ Kb8 48.Qc3 Qd1 49.Qe3 Qa1 50.g5 Qd1
51.h6 gxh6 52.gxf6 Qh5 53.Qf3 Qg5+ 54.Kh3 Qg8 55.f7 Qf8 56.Qf5 Ka7 57.a4 Ka8
58.Qd7 Ka7 59.Qe8  1-0

[Event "Rheinhessen-ch H1 op"]
[Site "Mainz"]
[Date "1997.??.??"]
[Round "4"]
[White "Reiss, Peter"]
[Black "Berg, Juergen"]
[Result "0-1"]
[WhiteElo "1515"]
[BlackElo "1585"]

1.d4 d5 2.c4 c6 3.Nf3 Nf6 4.Nc3 e6 5.e3 Nbd7 6.Bd3 dxc4 7.Bxc4 b5 8.Bd3 Bb7
9.O-O a6 10.e4 c5 11.Re1 Be7 12.b3 Rc8 13.Bb2 O-O 14.Rc1 Qa5 15.Bb1 Rfd8
16.Qe2 Qb6 17.dxc5 Bxc5 18.Red1 Ng4 19.Rf1 Ngf6 20.h3 Bb4 21.Kh1 Qa5 22.Nd1 Be7
23.Bc3 Qb6 24.Nb2 Nc5 25.Nd2 Qa7 26.f3 Nh5 27.Qe1 Qb8 28.Rg1 Ng3+ 29.Kh2 Ngxe4+
30.Kh1 Ng3+ 31.Kh2 Bh4 32.Qe5 Qxe5 33.Bxe5 Ne2 34.Ne4 Nxe4 35.Bxe4 Rxc1 36.Rxc1 Nxc1
37.Bxb7 f6 38.Bf4 Ne2 39.Be3 Bg3+ 40.Kh1 Be5 41.Bb6 Rd2  0-1

[Event "Rheinhessen-ch H1 op"]
[Site "Mainz"]
[Date "1997.??.??"]
[Round "7"]
[White "Braum, Hermann Josef"]
[Black "Wartenberg, Erwin"]
[Result "0-1"]
[WhiteElo "1426"]
[BlackElo "1515"]

1.d4 Nf6 2.Nf3 e6 3.c4 d5 4.Nc3 c6 5.e3 Be7 6.cxd5 exd5 7.Bd3 Bg4 8.h3 Bh5
9.g4 Bg6 10.Bxg6 hxg6 11.Nd2 Nh7 12.e4 O-O 13.exd5 Re8 14.O-O Nf6 15.Qb3 Qd7
16.f3 Nxd5 17.Nxd5 cxd5 18.Nb1 Bf6 19.Rd1 Nc6 20.Qb5 Qc7 21.Kg2 Nxd4 22.Rxd4 Bxd4
23.Nc3 Bxc3 24.bxc3 Qxc3 25.Bb2 Qc2+  0-1

[Event "Mar del Plata op"]
[Site "Mar del Plata"]
[Date "1997.??.??"]
[Round "6"]
[White "Urday, Henry"]
[Black "Loiterstein, Mariano"]
[Result "1-0"]
[WhiteElo "2440"]
[BlackElo "2265"]

1.d4 Nf6 2.Nf3 d5 3.c4 c6 4.Nc3 e6 5.e3 Nbd7 6.Qc2 Bd6 7.Be2 O-O 8.O-O Qe7
9.a3 dxc4 10.Bxc4 e5 11.h3 Re8 12.Ba2 b6 13.e4 c5 14.dxc5 Bxc5 15.Bg5 Qf8
16.Rfd1 Bb7 17.b4 Be7 18.Bxf6 Nxf6 19.Nxe5  1-0

[Event "SLO-ch qual"]
[Site "Maribor"]
[Date "1997.??.??"]
[Round "5"]
[White "Djurkovic, Maks"]
[Black "Kajnih, Danilo"]
[Result "0-1"]
[WhiteElo "2130"]
[BlackElo "2210"]

1.d4 d5 2.Nf3 c6 3.c4 Nf6 4.e3 e6 5.Nc3 Nbd7 6.b3 Bb4 7.Bd2 O-O 8.Bd3 Qe7
9.Qc2 e5 10.cxd5 Bxc3 11.Qxc3 e4 12.dxc6 bxc6 13.Qxc6 Rb8 14.Be2 exf3 15.gxf3 Qa3
16.e4 Bb7 17.Qc1 Qe7 18.Bf4 Rbc8 19.Qe3 Rfe8 20.Bg5 Qb4+ 21.Qd2 Qa3 22.d5 Ba6
23.Be3 Ne5 24.O-O Nfd7 25.f4 Ng6 26.e5 Bxe2 27.Qxe2 Qe7 28.Qg4 Ndxe5 29.fxe5 Nxe5
30.Qg3 Qd7 31.Rfd1 a6 32.Rd2 Qf5 33.Bf4 Ng6 34.Bc7 Rxc7 35.Qxc7 Qg5+ 36.Kf1 Qxd2
37.Rc1 Nf4 38.Qc6 Qe2+  0-1

[Event "Marostica op"]
[Site "Marostica"]
[Date "1997.??.??"]
[Round "2"]
[White "Ortega, Lexy"]
[Black "Guido, Flavio"]
[Result "1-0"]
[WhiteElo "2460"]
[BlackElo "2300"]

1.d4 d5 2.c4 e6 3.Nf3 Nf6 4.Nc3 c6 5.e3 Nbd7 6.Qc2 Bd6 7.Bd3 O-O 8.O-O dxc4
9.Bxc4 b5 10.Be2 Bb7 11.Rd1 Qe7 12.b3 b4 13.Ne4 Nxe4 14.Qxe4 Nf6 15.Qh4 c5
16.dxc5 Bxc5 17.Bb2 Rfd8 18.Rxd8+ Rxd8 19.Rc1 Bd6 20.Nd4 Rc8 21.Rxc8+ Bxc8
22.Nc6 Qc7 23.Nxb4 a5 24.Nd3 Qc2 25.Bf1 Ba6 26.Qd4 Bf8 27.Ne1 Qb1 28.Bxa6 Qxe1+
29.Bf1 Qb1 30.a3 Ne4 31.f3 Nc5 32.Qc3 Qd1 33.Kf2 Nxb3 34.Be2 Qd5 35.Bc4 Qd2+
36.Qxd2 Nxd2 37.Ba2 a4 38.Ke2 Nb3 39.Bxb3 axb3 40.Kd3 Bd6 41.a4 Bc7 42.Bc3 e5
43.e4 Kf8 44.a5 f6 45.a6 Bb6 46.Kc4 Ke7 47.Kxb3 Kd7 48.Kc4 Kc6 49.g4 g6 50.g5 Bd8
51.gxf6 Bxf6 52.f4 Kb6 53.fxe5 Bh4 54.e6  1-0

[Event "CUB-ch"]
[Site "Matanzas"]
[Date "1997.??.??"]
[Round "3"]
[White "Larduet, Carlos"]
[Black "Becerra Rivero, Julio"]
[Result "0-1"]
[WhiteElo "2310"]
[BlackElo "2510"]

1.d4 d5 2.c4 c6 3.Nf3 Nf6 4.Nc3 e6 5.e3 Nbd7 6.Qc2 a6 7.c5 e5 8.Be2 Be7 9.O-O e4
10.Nd2 Nf8 11.Na4 Ng6 12.Nb6 Ra7 13.Nxc8 Qxc8 14.Re1 O-O 15.Nf1 Ne8 16.Ng3 f5
17.Nh5 Bd8 18.Rf1 Bc7 19.f4 exf3 20.Rxf3 Nh8 21.g4 g6 22.Ng3 Bxg3 23.hxg3 Nf7
24.Rf4 Ng5 25.Kg2 Nf6 26.gxf5 Nfe4 27.Bd2 Rxf5 28.g4 Rf7 29.Raf1 Ra8 30.Be1 Qc7
31.Rxf7 Nxf7 32.Bd3 Re8 33.Qe2 Qe7 34.Rf4 Neg5 35.Bd2 Ne6 36.Rf2 Neg5 37.Rf4 Ne6
38.Rf2 Qh4 39.Qf3 Neg5 40.Qg3 Qxg3+ 41.Kxg3 Ne4+ 42.Bxe4 Rxe4 43.b4 Ng5 44.Bc1 Re8
45.Rb2 Rf8 46.e4 Nxe4+ 47.Kg2 Kg7 48.a4 g5 49.b5 axb5 50.axb5 h5 51.bxc6 bxc6
52.gxh5 Kh6 53.Be3 Kxh5 54.Rb6 Rf6  0-1

[Event "CRO-chT (Women)"]
[Site "Medulin"]
[Date "1997.??.??"]
[Round "?"]
[White "Masnjak, Rajka"]
[Black "Belamaric, Tanja"]
[Result "0-1"]
[WhiteElo "2035"]
[BlackElo "2215"]

1.Nf3 d5 2.d4 Nf6 3.c4 e6 4.Nc3 c6 5.e3 Nbd7 6.Bd3 dxc4 7.Bxc4 b5 8.Bd3 b4
9.Ne4 Nxe4 10.Bxe4 Bb7 11.O-O Nf6 12.Bd3 Qb6 13.Qe2 Be7 14.a4 a5 15.Rd1 O-O
16.Ne5 c5 17.dxc5 Qxc5 18.Nf3 Rfd8 19.Ne1 e5 20.Bd2 e4 21.Bc4 Qe5 22.Bc1 Bd6
23.g3 Qf5 24.b3 Ng4 25.Bb2 h5 26.Ng2 Be5 27.Bxe5 Nxe5 28.Nh4 Qh3 29.Qf1 Qxf1+
30.Bxf1 Bd5 31.Rab1 Be6 32.Be2 g5 33.Ng2 Nf3+ 34.Kh1 Rxd1+ 35.Bxd1 Rd8 36.h4 f6
37.hxg5 fxg5 38.Bc2 Nd2 39.Rd1 Kf8 40.Ne1 Ke8 41.Kg2 Bxb3  0-1

[Event "Carlos Torre mem op"]
[Site "Merida"]
[Date "1997.??.??"]
[Round "6"]
[White "Urday, Henry"]
[Black "Almeida Saenz, Alfonso"]
[Result "1/2-1/2"]
[WhiteElo "2445"]
[BlackElo "2405"]

1.d4 d5 2.c4 c6 3.Nf3 Nf6 4.Nc3 e6 5.e3 Nbd7 6.Qc2 Bd6 7.Be2 O-O 8.O-O Re8
9.a3 Qe7 10.h3 h6 11.Rd1 b6 12.e4 Nxe4 13.Nxe4 dxe4 14.Qxe4 Bb7 15.Ne5 f5
16.Qe3 Rad8 17.b4 c5 18.bxc5 bxc5 19.Bb2 Bxe5 20.dxe5 Nb6 21.Bc3 Rf8 22.f4 Be4
23.Bf1 Qc7 24.Be1 Na4 25.Bh4 Rxd1 26.Rxd1 Rb8 27.Qd2 Qf7 28.Qa5 Qh5 29.Rd8+ Rxd8
30.Qxd8+ Kh7 31.Bf2 Nc3 32.Qd2 Na4 33.Qd6 Nc3 34.Kh2 Na4 35.Bxc5 Nxc5 36.Qxc5 Qd1
37.Qf2 Qa1 38.c5 Bd5 39.Bb5 Qxa3 40.c6 Qc3 41.h4 Bxc6 42.Bxc6 Qxc6 43.Qxa7 Qe4  1/2-1/2

[Event "Metz op"]
[Site "Metz"]
[Date "1997.??.??"]
[Round "6"]
[White "Buckley, Graeme"]
[Black "Lukasiewicz, Grzegorz"]
[Result "0-1"]
[WhiteElo "2320"]
[BlackElo "2390"]

1.d4 d5 2.c4 c6 3.Nf3 Nf6 4.e3 e6 5.Nc3 Nbd7 6.Qc2 Bd6 7.Be2 O-O 8.O-O b6
9.e4 dxe4 10.Nxe4 Nxe4 11.Qxe4 Bb7 12.Rd1 Qc7 13.Bd3 g6 14.Qh4 c5 15.Be2 Rfe8
16.Bg5 e5 17.d5 e4 18.Nd2 f6 19.Bxf6 Nxf6 20.Qxf6 Bxh2+ 21.Kh1 Be5 22.Qh4 Rf8
23.Bg4 h5 24.Be6+ Kg7 25.g3 e3 26.fxe3 Bxb2 27.Rab1 Bf6 28.Qf4 Be5 29.Qg5 Rae8
30.e4 Bc8 31.Bxc8 Qxc8 32.Kg2 Bf6 33.Qe3 Bd4 34.Qe2 Rf2+ 35.Qxf2 Bxf2 36.Kxf2 Qg4
37.Rf1 Rf8+ 38.Ke3 Qxg3+ 39.Rf3 Rxf3+ 40.Nxf3 g5 41.Rf1 Qf4+ 42.Kd3 g4 43.Nd2 Qg3+
44.Kc2 h4 45.Rf5 h3 46.e5 h2 47.Rg5+ Kh6 48.d6 h1=Q 49.d7 Qa8 50.e6 Qe3  0-1